[Event "Mettmann-Sport 1 - SC Klein-Berlin Rhei"]
[Site "NRW-Klasse, Gruppe 2 2010/201"]
[Date "2010.10.24"]
[Round "2.6"]
[White "Meyer, Mario"]
[Black "Henneberger, Sven"]
[Result "1/2-1/2"]
[WhiteElo "2103"]
[BlackElo "2066"]
[Annotator ",Daniel"]
[PlyCount "120"]
[EventDate "2010.??.??"]

1. f4 d5 2. b3 Nf6 3. e3 c6 4. Bb2 Qc7 5. Nf3 Bg4 6. Be2 Bxf3 7. Bxf3 Nbd7 8.
d4 e6 9. O-O c5 10. c3 Bd6 11. a3 h6 12. b4 c4 13. a4 g5 14. g3 Rg8 15. Kh1 h5
16. Na3 a6 17. Qe1 g4 $11 18. Bg2 h4 19. Kg1 Nh5 20. e4 hxg3 21. hxg3 dxe4 22.
Qxe4 Nxg3 23. Qxb7 Qxb7 24. Bxb7 Ra7 25. Nxc4 Bc7 26. Bc6 Nxf1 27. Rxf1 Kd8 28.
d5 Nb6 29. Nxb6 Bxb6+ 30. Kg2 exd5 31. Bxd5 Re8 32. Bc4 Rd7 33. Bc1 Rc7 34.
Rd1+ Ke7 35. Bxa6 Rxc3 36. f5 Rd8 37. Re1+ Kf8 38. Bg5 Rc2+ 39. Re2 Rxe2+ 40.
Bxe2 Rd4 41. a5 Rxb4 42. axb6 Rxb6 43. Kg3 f6 44. Bh6+ Kg8 45. Be3 Rb2 46. Bxg4
Kg7 47. Bh5 Rb3 48. Kf3 Rb4 49. Bd2 Rb2 50. Ke3 Rb5 51. Bg6 Re5+ 52. Kd4 Rb5
53. Bc3 Rb1 54. Kd5 Rb5+ 55. Kc6 Rb1 56. Bd4 Re1 57. Bc5 Kh6 58. Bf2 Re2 59.
Bh4 Kg7 60. Kd7 Rd2+ 1/2-1/2

[Event "Mettmann-Sport 1 - SC Klein-Berlin Rhei"]
[Site "NRW-Klasse, Gruppe 2 2010/201"]
[Date "2010.10.24"]
[Round "2.7"]
[White "Kuempers, Ulrich"]
[Black "Sponheim, Marko"]
[Result "0-1"]
[WhiteElo "2023"]
[BlackElo "1956"]
[PlyCount "56"]
[EventDate "2010.??.??"]

1. d4 Nf6 2. c4 c5 3. d5 b5 4. cxb5 a6 5. bxa6 Bxa6 6. Nc3 d6 7. f4 Nbd7 8. Nf3
g6 9. e4 Bxf1 10. Rxf1 Qb6 11. e5 dxe5 12. fxe5 Ng4 13. Qe2 Bg7 14. e6 fxe6 15.
Ng5 Bxc3+ 16. bxc3 Ngf6 17. dxe6 Nf8 18. Nf7 Rg8 19. Bg5 Nd5 20. Nh6 Rh8 21. c4
Nxe6 22. cxd5 Nxg5 23. h4 Qb4+ 24. Qd2 Qxh4+ 25. Qf2 Qxh6 26. Qxc5 Qh4+ 27. Rf2
Qa4 28. Re2 Qa5+ 0-1

[Event "Mettmann-Sport 1 - SC Klein-Berlin Rhei"]
[Site "NRW-Klasse, Gruppe 2 2010/201"]
[Date "2010.10.24"]
[Round "2.8"]
[White "Schatzschneider, Karl Immo"]
[Black "Langhanke, Guenther"]
[Result "1/2-1/2"]
[WhiteElo "2035"]
[BlackElo "2004"]
[PlyCount "60"]
[EventDate "2010.??.??"]

1. c4 e6 2. Nc3 d5 3. Nf3 Nf6 4. g3 d4 5. Nb5 c5 6. d3 a6 7. Na3 Nc6 8. Bg2 Be7
9. Nc2 O-O 10. O-O e5 11. Rb1 Rb8 12. a3 b5 13. Nd2 Qc7 14. b3 Bf5 15. Rb2 Rb6
16. Ne1 Rfb8 17. Qc2 h6 18. Nef3 Qd7 19. Nh4 Bh7 20. Nhf3 Qe6 21. Re1 e4 22.
dxe4 Nxe4 23. Nxe4 Bxe4 24. Ng5 Bxc2 25. Nxe6 bxc4 26. Nxc5 cxb3 27. Rxc2 bxc2
28. Nd7 R8b7 29. Nxb6 Rxb6 30. Be4 Ne5 1/2-1/2

[Event "SF Schwerte 1 - SF Monheim 1"]
[Site "NRW-Klasse, Gruppe 2 2010/201"]
[Date "2010.10.24"]
[Round "2.1"]
[White "Weber, Peter"]
[Black "Klug, Wolfgang"]
[Result "1/2-1/2"]
[WhiteElo "2201"]
[BlackElo "1911"]
[PlyCount "58"]
[EventDate "2010.??.??"]

1. e4 c5 2. Nf3 g6 3. d4 cxd4 4. Qxd4 Nf6 5. Bb5 Nc6 6. Bxc6 dxc6 7. Qxd8+ Kxd8
8. Nc3 Bg7 9. O-O Nd7 10. Ng5 Ke8 11. f4 Bd4+ 12. Kh1 Bxc3 13. bxc3 Nc5 14. Be3
Na4 15. Rf3 f6 16. Nh3 Nxc3 17. Nf2 Nb5 18. a4 Nd6 19. e5 Nf5 20. exf6 Nh4 21.
Rg3 exf6 22. Bc5 Kf7 23. Re1 Be6 24. Ne4 Nf5 25. Rc3 Bd5 26. Nd6+ Nxd6 27. Bxd6
Rhe8 28. Rce3 Rxe3 29. Rxe3 Re8 1/2-1/2

[Event "SF Schwerte 1 - SF Monheim 1"]
[Site "NRW-Klasse, Gruppe 2 2010/201"]
[Date "2010.10.24"]
[Round "2.2"]
[White "Borzykin, Ihor"]
[Black "Homuth, Wolfgang"]
[Result "0-1"]
[WhiteElo "1927"]
[BlackElo "2200"]
[PlyCount "130"]
[EventDate "2010.??.??"]

1. e4 e5 2. Nf3 Nc6 3. Bc4 Bc5 4. Nc3 d6 5. d3 a6 6. Bg5 Nge7 7. Nh4 Be6 8.
Bxe6 fxe6 9. Qh5+ Kd7 10. Nd5 Qf8 11. Ne3 h6 12. Bxe7 Nxe7 13. g3 Qe8 14. Qe2
Qf7 15. O-O-O Raf8 16. Rdf1 g5 17. Nhg2 Qf3 18. Kd1 h5 19. Ne1 Qf6 20. f3 Qh6
21. N1g2 Ng6 22. h3 Rf6 23. Ne1 Rhf8 24. N3g2 R8f7 25. Qd2 Ne7 26. h4 Rg6 27.
c3 Nc6 28. b4 Bb6 29. a4 Qg7 30. g4 hxg4 31. h5 Rgf6 32. Qe2 Qf8 33. h6 gxf3
34. Nxf3 Rxh6 35. Rxh6 Qxh6 36. b5 axb5 37. axb5 Ne7 38. Nxe5+ dxe5 39. Rxf7
Qh3 40. Qf3 g4 41. Qxh3 gxh3 42. Ne1 Ba5 43. Kc2 Kd6 44. Rh7 Ng6 45. Rxh3 Kc5
46. Rg3 Nf4 47. Rg5 Kxb5 48. Rxe5+ Ka6 49. d4 Ne2 50. Rxe6+ Ka7 51. Kd3 Nf4+
52. Kc4 Nxe6 53. d5 Nf4 54. e5 Kb8 55. Nc2 Ne2 56. Nb4 Kc8 57. Kb5 Bxb4 58.
cxb4 Kd7 59. d6 Nd4+ 60. Kc4 Nc6 61. dxc7 Nxe5+ 62. Kd5 Nf7 63. b5 Kxc7 64. Kc5
b6+ 65. Kd5 Nd6 0-1

[Event "SF Schwerte 1 - SF Monheim 1"]
[Site "NRW-Klasse, Gruppe 2 2010/201"]
[Date "2010.10.24"]
[Round "2.3"]
[White "Stoeber, Michael"]
[Black "Tawakol, Kai"]
[Result "1-0"]
[WhiteElo "2215"]
[BlackElo "2103"]
[PlyCount "125"]
[EventDate "2010.??.??"]

1. d4 Nf6 2. c4 e6 3. Nf3 b6 4. e3 Bb7 5. Bd3 d5 6. b3 Nbd7 7. O-O Bd6 8. Bb2
O-O 9. Nbd2 Ne4 10. Qc2 f5 11. Rae1 c6 12. Ne5 Nxe5 13. dxe5 Bb4 14. Bxe4 dxe4
15. Rd1 Qc7 16. Bd4 Rfd8 17. Nb1 Be7 18. Nc3 Rd7 19. Ne2 Bg5 20. c5 Ba6 21.
cxb6 axb6 22. Bxb6 Qb7 23. Rxd7 Qxd7 24. Rd1 Bd3 25. Qb2 Qb7 26. Bd4 c5 27. Bc3
Qa6 28. Nc1 f4 29. exf4 Bxf4 30. Bd2 Bxd2 31. Rxd2 c4 32. h3 Qa5 33. bxc4 Bxc4
34. Rd7 Bd5 35. Qc2 e3 36. fxe3 Qe1+ 37. Kh2 Qxe3 38. Nd3 Qe4 39. Qf2 Rf8 40.
Qg3 Rf7 41. Rd8+ Rf8 42. Rxf8+ Kxf8 43. a3 Kg8 44. Nf2 Qd4 45. Ng4 Bc6 46. Nf6+
Kh8 47. Nh5 g6 48. Qf4 Qd8 49. Qf6+ Qxf6 50. Nxf6 Kg7 51. g4 h5 52. Kg3 hxg4
53. Kxg4 Kh6 54. Ng8+ Kg7 55. Ne7 Bg2 56. h4 Kf7 57. Nc8 Ke8 58. Kg5 Kf7 59. a4
Bf1 60. a5 Bd3 61. Nd6+ Ke7 62. Nb7 Bf5 63. Nc5 1-0

[Event "SF Schwerte 1 - SF Monheim 1"]
[Site "NRW-Klasse, Gruppe 2 2010/201"]
[Date "2010.10.24"]
[Round "2.4"]
[White "Fleischhauer, Thomas"]
[Black "Rechmann, Peter"]
[Result "0-1"]
[WhiteElo "2040"]
[BlackElo "2276"]
[PlyCount "70"]
[EventDate "2010.??.??"]

1. Nf3 Nf6 2. g3 d5 3. Bg2 g6 4. O-O Bg7 5. d3 O-O 6. Nbd2 c5 7. e4 Nc6 8. c3
d4 9. cxd4 cxd4 10. a4 Nd7 11. Nc4 Nc5 12. Ne1 Be6 13. b3 Na5 14. Rb1 Nxc4 15.
dxc4 f5 16. f3 fxe4 17. fxe4 Rxf1+ 18. Kxf1 d3 19. Ba3 Qf8+ 20. Nf3 Nxe4 21.
Qxd3 Bf5 22. Qd5+ Kh8 23. Re1 Rd8 24. Qxb7 Nd2+ 25. Kg1 Be4 26. Rxe4 Nxf3+ 27.
Kf1 Nd2+ 28. Ke2 Nxe4 29. Qxe4 Qf6 30. Qe3 Qf5 31. Be4 Qh5+ 32. Qf3 Qxh2+ 33.
Qg2 Qh5+ 34. Qf3 Qe5 35. c5 Rd4 0-1

[Event "SF Schwerte 1 - SF Monheim 1"]
[Site "NRW-Klasse, Gruppe 2 2010/201"]
[Date "2010.10.24"]
[Round "2.5"]
[White "Vogelmann, Peter"]
[Black "Vicktor, Christian"]
[Result "1/2-1/2"]
[WhiteElo "2203"]
[BlackElo "2000"]
[PlyCount "39"]
[EventDate "2010.??.??"]

1. e4 d5 2. exd5 Qxd5 3. Nc3 Qd6 4. d4 Nf6 5. Bc4 c6 6. h3 Bf5 7. Nf3 e6 8. O-O
Be7 9. Re1 O-O 10. Qe2 Nbd7 11. Bg5 Rfe8 12. Rad1 Nb6 13. Bb3 Qc7 14. Ne5 Nfd5
15. Bxe7 Qxe7 16. Qf3 Rad8 17. a3 Qg5 18. g3 Qf6 19. h4 Bg6 20. Qe2 1/2-1/2

[Event "SF Schwerte 1 - SF Monheim 1"]
[Site "NRW-Klasse, Gruppe 2 2010/201"]
[Date "2010.10.24"]
[Round "2.6"]
[White "Zarges, Stephan"]
[Black "Weber, Franz-Josef"]
[Result "1-0"]
[WhiteElo "2136"]
[BlackElo "2041"]
[PlyCount "101"]
[EventDate "2010.??.??"]

1. e4 d6 2. d4 Nf6 3. Nc3 g6 4. h3 Bg7 5. Nf3 O-O 6. Be3 Nbd7 7. Qd2 c6 8. Bd3
e5 9. dxe5 dxe5 10. O-O Qe7 11. Ne2 a5 12. Ng3 Re8 13. Bh6 Nc5 14. Rfd1 Bh8 15.
Qg5 Ne6 16. Qh4 Qc7 17. Ng5 Nf4 18. Bc4 Re7 19. Rd2 b5 20. Bxf7+ Rxf7 21. Nxf7
Kxf7 22. Bg5 h5 23. Rad1 Be6 24. Rd6 Re8 25. Bxf4 exf4 26. Qxf4 Kg8 27. Qg5 Kh7
28. Qc5 h4 29. Rxc6 Qf4 30. Ne2 Qxe4 31. Nc3 Qxc2 32. Qg5 b4 33. Rc1 Qxb2 34.
Rc7+ Bg7 35. Ne4 Nxe4 36. Qxh4+ Kg8 37. Qxe4 Bf7 38. Qb7 Qxa2 39. Re7 Rf8 40.
Rc8 Qa1+ 41. Kh2 Qf6 42. Rc6 Qxf2 43. Rxg6 Qf4+ 44. Kh1 Qf5 45. Rg4 Rd8 46. Re3
Rd7 47. Qa8+ Kh7 48. Rh4+ Bh5 49. Qe8 Rd5 50. Qe7 Rd2 51. Rg3 1-0

[Event "SF Schwerte 1 - SF Monheim 1"]
[Site "NRW-Klasse, Gruppe 2 2010/201"]
[Date "2010.10.24"]
[Round "2.7"]
[White "Reinemer, Frank"]
[Black "Duerwald, Martin"]
[Result "0-1"]
[WhiteElo "2111"]
[BlackElo "2032"]
[PlyCount "74"]
[EventDate "2010.??.??"]

1. d4 Nf6 2. c4 e6 3. Nc3 Bb4 4. e3 d5 5. Bd3 c5 6. Nf3 Nc6 7. O-O dxc4 8. Bxc4
O-O 9. a3 Bxc3 10. bxc3 Qc7 11. Ba2 Rd8 12. Qe2 e5 13. Ng5 Bg4 14. Qc4 Rd7 15.
f3 Bh5 16. Qxc5 h6 17. Nh3 Re8 18. Bd2 Bg6 19. Qc4 Qa5 20. Be1 Nd5 21. Qb3 Qd8
22. e4 Ne3 23. Rf2 Na5 24. Qb5 Qc7 25. c4 Naxc4 26. Bxc4 a6 27. Qb3 Nxc4 28.
Rc1 Rxd4 29. Qa4 Re6 30. Rfc2 b5 31. Qb4 Qd7 32. Bf2 Rd1+ 33. Be1 Red6 34. Nf2
Qa7 35. a4 Qe3 36. axb5 Rxc1 37. Rxc4 Rxe1+ 0-1

[Event "SF Schwerte 1 - SF Monheim 1"]
[Site "NRW-Klasse, Gruppe 2 2010/201"]
[Date "2010.10.24"]
[Round "2.8"]
[White "Vorschuetz, Stefan"]
[Black "Weisshaupt, Rainer"]
[Result "1-0"]
[WhiteElo "2010"]
[BlackElo "1976"]
[PlyCount "29"]
[EventDate "2010.??.??"]

1. e4 e5 2. Nf3 Nc6 3. Bb5 Bc5 4. O-O Nf6 5. d3 d6 6. c3 O-O 7. Bg5 Qe7 8. Nbd2
a6 9. Ba4 b5 10. Bb3 Bb7 11. Nh4 g6 12. Qf3 Kg7 13. Qh3 Bc8 14. Nf5+ Bxf5 15.
exf5 1-0

[Event "SV Erkenschwick 1 - Mettmann-Sport 1"]
[Site "NRW-Klasse, Gruppe 2 2010/201"]
[Date "2010.11.28"]
[Round "3.1"]
[White "Griebl, Joern"]
[Black "Erwich, Marc"]
[Result "0-1"]
[WhiteElo "2262"]
[BlackElo "2296"]
[PlyCount "48"]
[EventDate "2010.??.??"]

1. d4 Nf6 2. c4 e6 3. Nc3 Bb4 4. Nf3 c5 5. g3 Ne4 6. Qd3 d5 7. Nd2 O-O 8. Ncxe4
dxe4 9. Qxe4 f5 10. Qd3 cxd4 11. Bg2 e5 12. Bd5+ Kh8 13. f4 e4 14. Qxd4 Nc6 15.
Qe3 Ne7 16. O-O Nxd5 17. cxd5 Qxd5 18. Nb3 Rd8 19. Qf2 b6 20. Be3 Ba6 21. Bd4
Bc4 22. Rfd1 Kg8 23. Nc1 e3 24. Qf1 Qe4 0-1

[Event "SV Erkenschwick 1 - Mettmann-Sport 1"]
[Site "NRW-Klasse, Gruppe 2 2010/201"]
[Date "2010.11.28"]
[Round "3.2"]
[White "Willemze, Thomas"]
[Black "Perschke, Ulrich"]
[Result "1-0"]
[WhiteElo "2361"]
[BlackElo "2136"]
[PlyCount "69"]
[EventDate "2010.??.??"]

1. e4 g6 2. d4 Bg7 3. Nc3 c6 4. Be3 d6 5. Qd2 Nd7 6. h4 b5 7. f3 a6 8. h5 Nb6
9. a4 Nc4 10. Bxc4 bxc4 11. a5 d5 12. h6 Bf8 13. Na4 e6 14. e5 Rb8 15. Nb6 Qc7
16. Ne2 Bd7 17. Kf2 Ne7 18. Nc3 Nf5 19. Nca4 Nxe3 20. Qxe3 Be7 21. g4 Bc8 22.
g5 Bb4 23. Nc5 Bb7 24. Nbd7 Bxc5 25. Nxc5 Bc8 26. Rhb1 O-O 27. b3 cxb3 28. Rxb3
Rb5 29. Qf4 f6 30. gxf6 Rxa5 31. Rxa5 Qxa5 32. Qc1 Kf7 33. c3 Kg8 34. Qb1 Qc7
35. Nb7 1-0

[Event "SV Erkenschwick 1 - Mettmann-Sport 1"]
[Site "NRW-Klasse, Gruppe 2 2010/201"]
[Date "2010.11.28"]
[Round "3.3"]
[White "Tochtrop, Matthias"]
[Black "van Beek, Alexander"]
[Result "1/2-1/2"]
[WhiteElo "2105"]
[BlackElo "2264"]
[PlyCount "59"]
[EventDate "2010.??.??"]

1. e4 e5 2. Nf3 Nc6 3. d3 g6 4. c3 Bg7 5. d4 d5 6. Bb5 exd4 7. Nxd4 Nge7 8.
Nxc6 bxc6 9. Bd3 O-O 10. O-O f5 11. exd5 cxd5 12. Re1 f4 13. Nd2 Bf5 14. Nf3
Qd6 15. Nd4 Bxd4 16. cxd4 Rae8 17. b3 Bxd3 18. Qxd3 Nc6 19. Bd2 Nd8 20. Rac1
Re6 21. Qb5 c6 22. Qd3 Rfe8 23. Qf3 Rxe1+ 24. Rxe1 Rxe1+ 25. Bxe1 Qe6 26. Bd2
Qf5 27. Qxf4 Qb1+ 28. Bc1 Qxa2 29. Qb8 Qa5 30. Qe5 1/2-1/2

[Event "SV Erkenschwick 1 - Mettmann-Sport 1"]
[Site "NRW-Klasse, Gruppe 2 2010/201"]
[Date "2010.11.28"]
[Round "3.4"]
[White "Erwich, Frank A.S"]
[Black "Wille, Thomas"]
[Result "1-0"]
[WhiteElo "2282"]
[BlackElo "2106"]
[PlyCount "59"]
[EventDate "2010.??.??"]

1. c4 c6 2. e4 d5 3. exd5 cxd5 4. d4 Nf6 5. Nc3 g6 6. cxd5 Nxd5 7. Qb3 Nb6 8.
d5 Bg7 9. Be3 O-O 10. Rd1 Na6 11. Nf3 Bg4 12. Be2 Qd6 13. O-O Rad8 14. h3 Bc8
15. Nb5 Qb4 16. Nxa7 Qxb3 17. axb3 Nd7 18. Bxa6 bxa6 19. Nc6 Rde8 20. Rfe1 f6
21. Nfd4 Ne5 22. f4 Nxc6 23. Nxc6 e5 24. Bc5 Rf7 25. d6 Rb7 26. Ne7+ Kf7 27.
fxe5 fxe5 28. Rf1+ Ke6 29. Nd5 Bd7 30. Nc7+ 1-0

[Event "SV Erkenschwick 1 - Mettmann-Sport 1"]
[Site "NRW-Klasse, Gruppe 2 2010/201"]
[Date "2010.11.28"]
[Round "3.5"]
[White "Meyer, Mario"]
[Black "Krings, Christoph"]
[Result "1-0"]
[WhiteElo "2103"]
[BlackElo "2123"]
[PlyCount "79"]
[EventDate "2010.??.??"]

1. f4 d5 2. Nf3 c5 3. g3 Nc6 4. Bg2 Bg4 5. c3 Nf6 6. d3 Qc7 7. Qc2 O-O-O 8. Na3
a6 9. Bd2 e5 10. e4 c4 11. dxc4 Bxf3 12. Bxf3 dxe4 13. Bxe4 Nxe4 14. Qxe4 Bxa3
15. bxa3 exf4 16. Qf5+ Rd7 17. O-O-O g6 18. Qf6 Qe5 19. Qxe5 Nxe5 20. Bxf4 Nxc4
21. Rxd7 Kxd7 22. Kc2 Re8 23. a4 b5 24. axb5 axb5 25. Kb3 Re2 26. Bc1 Kc6 27.
Rd1 Rxh2 28. a4 Rh5 29. Rf1 Kc5 30. axb5 Rf5 31. Rxf5+ gxf5 32. Ka4 f6 33. Bh6
Nd6 34. Bf8 f4 35. gxf4 h5 36. b6 Kc6 37. Bxd6 Kxd6 38. Kb5 h4 39. Ka6 h3 40.
b7 1-0

[Event "SV Erkenschwick 1 - Mettmann-Sport 1"]
[Site "NRW-Klasse, Gruppe 2 2010/201"]
[Date "2010.11.28"]
[Round "3.6"]
[White "Homs, Guust"]
[Black "Sponheim, Marko"]
[Result "1/2-1/2"]
[WhiteElo "2077"]
[BlackElo "1985"]
[Annotator ",Daniel"]
[PlyCount "85"]
[EventDate "2010.??.??"]

1. e4 c5 2. Nf3 d6 3. Bb5+ Nd7 4. d4 cxd4 5. Qxd4 e5 6. Qd1 Ngf6 7. Nc3 h6 8.
O-O Be7 9. Re1 O-O 10. Bc4 Nb6 11. Bb3 Qc7 12. Qd3 Be6 13. Bxe6 fxe6 14. b3 a6
15. Be3 Nbd7 16. Ne2 d5 17. Ng3 d4 18. Bd2 Rac8 19. c4 Nc5 20. Qe2 a5 21. Rec1
b6 22. Ne1 Rcd8 23. Nd3 Nxd3 24. Qxd3 Nd7 25. Nh5 Kh7 26. Qh3 g6 27. Ng3 g5 28.
Qxe6 Nc5 29. Qh3 Rg8 30. Nf5 Rg6 31. f3 Rdg8 32. g4 Nd3 33. Rd1 Nc5 34. Be1 Ne6
35. Bg3 Bc5 36. Qf1 Nf4 37. Bxf4 gxf4 38. h3 Qf7 39. Qd3 Qf8 $11 40. Rd2 Bb4
41. Rh2 Ba3 42. Kf1 Qb4 43. Rc2 1/2-1/2

[Event "SV Erkenschwick 1 - Mettmann-Sport 1"]
[Site "NRW-Klasse, Gruppe 2 2010/201"]
[Date "2010.11.28"]
[Round "3.7"]
[White "Schatzschneider, Karl Immo"]
[Black "Eggenstein, Frank"]
[Result "1-0"]
[WhiteElo "2035"]
[BlackElo "2022"]
[Annotator ",Daniel"]
[PlyCount "75"]
[EventDate "2010.??.??"]

1. e4 e6 2. d3 c5 3. Nf3 Nc6 4. g3 g6 5. Bg2 Bg7 6. c3 Nge7 7. O-O d6 8. a4 O-O
9. Re1 Rb8 10. Nbd2 a6 11. Nf1 h6 12. h4 e5 13. Bd2 b5 14. axb5 Rxb5 15. Qc1
Kh7 16. Qc2 Rb8 17. Ne3 Qe8 18. Nc4 Qd8 19. Ra3 f5 20. exf5 Nxf5 21. Ne3 Nfe7
22. Nc4 Rf7 23. Bc1 Ng8 $11 24. h5 g5 25. Nxg5+ hxg5 26. Bxc6 Nh6 27. d4+ Kh8
28. dxe5 dxe5 29. Nxe5 Bxe5 30. Rxe5 Qf6 31. Re8+ Ng8 32. Bd5 Bf5 33. Qe2 Rxe8
34. Qxe8 Rf8 35. Qe3 Bc8 36. Qxc5 Ne7 37. Be3 Kh7 38. Bd4 1-0

[Event "SV Erkenschwick 1 - Mettmann-Sport 1"]
[Site "NRW-Klasse, Gruppe 2 2010/201"]
[Date "2010.11.28"]
[Round "3.8"]
[White "Strozewski, Frank"]
[Black "Wille, Julia"]
[Result "1/2-1/2"]
[WhiteElo "1964"]
[BlackElo "1639"]
[Annotator ",Daniel"]
[PlyCount "46"]
[EventDate "2010.??.??"]

1. c4 g6 2. d4 Bg7 3. Nc3 d6 4. e4 Nd7 5. Be3 e5 6. d5 a5 7. Be2 Ne7 8. g4 O-O
9. h4 f5 10. gxf5 gxf5 11. Bg5 Nc5 12. Qd2 fxe4 13. Nh3 Bxh3 14. Rxh3 Qd7 15.
Rg3 Nf5 16. Rg2 Nd4 17. Bh6 Rf7 18. Kd1 Kh8 19. Bg4 Qd8 20. Bg5 $11 Qf8 21. Be3
Nf3 22. Bxf3 Rxf3 23. Kc2 Qf5 1/2-1/2

[Event "SF Monheim 1 - SK Münster 2"]
[Site "NRW-Klasse, Gruppe 2 2010/201"]
[Date "2010.11.28"]
[Round "3.1"]
[White "Emunds, Hans Georg"]
[Black "Weber, Peter"]
[Result "1/2-1/2"]
[WhiteElo "2138"]
[BlackElo "2201"]
[PlyCount "57"]
[EventDate "2010.??.??"]

1. e4 c5 2. Nf3 d6 3. d4 cxd4 4. Nxd4 Nf6 5. Nc3 a6 6. Be2 e5 7. Nb3 Be7 8. O-O
O-O 9. Be3 Be6 10. Nd5 Nbd7 11. Qd3 Rc8 12. c4 Bxd5 13. cxd5 Qc7 14. Rfc1 Qb8
15. a4 Rxc1+ 16. Rxc1 Rc8 17. Rc4 Bd8 18. a5 Rc7 19. Nd2 Nc5 20. Qc2 Ncd7 21.
b4 h6 22. g3 Rxc4 23. Nxc4 Qc7 24. Qd3 Ne8 25. h4 Ndf6 26. Nb6 Nd7 27. Nc4 Ndf6
28. Nb6 Nd7 29. Nc4 1/2-1/2

[Event "SF Monheim 1 - SK Münster 2"]
[Site "NRW-Klasse, Gruppe 2 2010/201"]
[Date "2010.11.28"]
[Round "3.2"]
[White "Homuth, Wolfgang"]
[Black "Chilla, Jan Eric"]
[Result "1-0"]
[WhiteElo "2200"]
[BlackElo "2096"]
[PlyCount "83"]
[EventDate "2010.??.??"]

1. e4 c5 2. c3 Nf6 3. e5 Nd5 4. d4 cxd4 5. Nf3 Nc6 6. cxd4 d6 7. Bc4 Nb6 8. Bb5
Bd7 9. Nc3 e6 10. O-O dxe5 11. dxe5 Nb4 12. Ng5 Bxb5 13. Nxb5 a6 14. Qh5 Qd7
15. Nd4 g6 16. Qf3 Bg7 17. Qe4 Qd5 18. Ndxe6 Qxe4 19. Nxg7+ Kf8 20. N7e6+ Ke7
21. Nxe4 Kxe6 22. f4 Rac8 23. Be3 N6d5 24. Bd2 Nd3 25. b3 Rc2 26. Rf3 Nc5 27.
Nxc5+ Rxc5 28. Rd3 Rhc8 29. g4 Rc2 30. Re1 Nc3 31. Rd6+ Ke7 32. f5 Nb5 33. Bg5+
Ke8 34. Rd3 h6 35. Bxh6 Rxa2 36. e6 gxf5 37. gxf5 Rcc2 38. Rg3 Rxh2 39. Rg8+
Ke7 40. Bg5+ f6 41. Rg7+ Kd6 42. Bf4+ 1-0

[Event "SF Monheim 1 - SK Münster 2"]
[Site "NRW-Klasse, Gruppe 2 2010/201"]
[Date "2010.11.28"]
[Round "3.3"]
[White "Davenport, Darcy"]
[Black "Stoeber, Michael"]
[Result "1/2-1/2"]
[WhiteElo "2077"]
[BlackElo "2215"]
[PlyCount "39"]
[EventDate "2010.??.??"]

1. Nf3 g6 2. d4 Bg7 3. c4 Nf6 4. g3 O-O 5. Bg2 d6 6. O-O Nc6 7. Nc3 a6 8. Qd3
Bf5 9. e4 Bg4 10. d5 Bxf3 11. Qxf3 Nd4 12. Qd1 c5 13. dxc6 Nxc6 14. Be3 Rc8 15.
Rc1 Qa5 16. Qe2 Nd7 17. Rfd1 Rfe8 18. f4 b5 19. cxb5 axb5 20. a3 1/2-1/2

[Event "SF Monheim 1 - SK Münster 2"]
[Site "NRW-Klasse, Gruppe 2 2010/201"]
[Date "2010.11.28"]
[Round "3.5"]
[White "Borrink, Joern"]
[Black "Huelsmann, Josef"]
[Result "0-1"]
[WhiteElo "2075"]
[BlackElo "2113"]
[PlyCount "78"]
[EventDate "2010.??.??"]

1. e4 e6 2. d4 d5 3. e5 c5 4. c3 Ne7 5. Nf3 Nec6 6. Be2 Nd7 7. O-O Be7 8. Re1
O-O 9. a3 a5 10. Nbd2 a4 11. Nf1 f5 12. exf6 Bxf6 13. Bb5 cxd4 14. Bxc6 bxc6
15. Nxd4 Bxd4 16. cxd4 Qf6 17. Be3 Ba6 18. Rc1 Bc4 19. Nd2 Nb6 20. Qg4 Rae8 21.
h4 Bb5 22. g3 Nd7 23. f3 h6 24. Kg2 Kh7 25. f4 Qd8 26. h5 Rf6 27. Nf3 Ref8 28.
Bd2 Qe8 29. Bb4 Rg8 30. Nh4 Bd3 31. Rxc6 Be4+ 32. Kh2 Nf8 33. Rec1 g5 34. hxg6+
Nxg6 35. Nxg6 Rfxg6 36. Rc7+ Kh8 37. Qh5 Qb5 38. Re7 Qd3 39. Be1 Qf1 0-1

[Event "SF Monheim 1 - SK Münster 2"]
[Site "NRW-Klasse, Gruppe 2 2010/201"]
[Date "2010.11.28"]
[Round "3.6"]
[White "Weber, Franz-Josef"]
[Black "Niermann, Rainer"]
[Result "1-0"]
[WhiteElo "2041"]
[BlackElo "1993"]
[Annotator ",Daniel"]
[PlyCount "179"]
[EventDate "2010.??.??"]

1. e4 e6 2. d4 d5 3. e5 c5 4. c3 Nc6 5. Nf3 Qb6 6. a3 c4 7. Nbd2 Na5 8. g3 Bd7
9. Bh3 Be7 10. O-O Rc8 11. Ne1 Nb3 12. Rb1 Nh6 13. Ng2 Nxc1 14. Qxc1 Nf5 15. g4
Nh4 16. Nxh4 Bxh4 17. f4 Be7 18. Nf3 g6 19. Qd2 h5 20. Kh1 $11 hxg4 21. Bxg4
Ba4 22. Ne1 Rh4 23. Qe2 Kd7 24. Ng2 Rh7 25. Ne3 Rch8 26. Rf2 Kc7 27. f5 gxf5
28. Bxf5 Rg7 29. Rbf1 Kb8 30. Bb1 Be8 31. Rg2 Rhg8 32. Rfg1 Rxg2 33. Rxg2 Rxg2
34. Qxg2 Bxa3 35. Qg8 Qb5 36. bxa3 Qxb1+ 37. Kg2 Qg6+ 38. Qxg6 fxg6 39. Kg3 Kc7
40. Kf4 Kd8 41. Kg5 Ke7 42. h4 Kf7 43. Ng2 Ba4 44. Nf4 Bc2 45. h5 gxh5 46. Nxh5
b5 47. Kf4 Kg6 48. Nf6 a5 49. Ke3 Ba4 50. Kd2 Kf5 51. Ne8 Kg6 $11 52. Nd6 Kg5
53. Nb7 Kg6 54. Nxa5 Kf7 55. Nb7 Ke7 56. Nd6 Kd7 57. Ke3 Ke7 58. Kf4 Kf8 59.
Kg5 Kg7 60. Ne8+ Kf7 61. Nc7 Ke7 62. Kg6 Kd7 63. Na6 Ke7 64. Kg7 Bd1 65. Nc7
Ba4 66. Na6 Bd1 67. Nc5 Bc2 68. Nb7 Bf5 69. Nd6 Bg4 70. Nxb5 Kd7 71. Kf6 Kc6
72. Nd6 Kb6 73. Ne8 Ka5 74. Nc7 Ka4 75. Nxe6 Kb3 76. a4 Kxc3 77. a5 Kd2 78. a6
c3 79. a7 c2 80. a8=Q c1=Q 81. Qxd5 Qf1+ 82. Ke7 Qf5 83. Qa2+ Kc1 84. Qa1+ Kd2
85. Qb2+ Kd1 86. d5 Qh7+ 87. Kd6 Bxe6 88. Qb3+ Ke1 89. dxe6 Qe4 90. Qc3+ 1-0

[Event "SF Monheim 1 - SK Münster 2"]
[Site "NRW-Klasse, Gruppe 2 2010/201"]
[Date "2010.11.28"]
[Round "3.7"]
[White "Kaufhold, Thomas"]
[Black "Reinemer, Frank"]
[Result "1/2-1/2"]
[WhiteElo "1986"]
[BlackElo "2111"]
[PlyCount "87"]
[EventDate "2010.??.??"]

1. d4 f5 2. Nc3 d5 3. Bg5 c6 4. e3 Nd7 5. Bd3 Ndf6 6. f3 e6 7. Nge2 Be7 8. Qd2
Nh5 9. Bxe7 Nxe7 10. e4 Nf6 11. e5 Nd7 12. Nf4 Nf8 13. Nh5 Rg8 14. O-O-O Neg6
15. g4 Qh4 16. Rhg1 Bd7 17. Na4 b6 18. Kb1 c5 19. Nc3 c4 20. Be2 b5 21. gxf5
Qxh5 22. fxg6 Nxg6 23. f4 Qf5 24. Rdf1 b4 25. Nxd5 exd5 26. Bg4 Qf8 27. f5 Nh4
28. Bh5+ Kd8 29. Qg5+ Kc7 30. e6 Qf6 31. Qf4+ Kc6 32. exd7 Kxd7 33. Rg4 Nxf5
34. Qxf5+ Qxf5 35. Rxf5 g6 36. Rxd5+ Ke6 37. Re5+ Kd6 38. Reg5 Rge8 39. Rg1
gxh5 40. Rxh5 Re7 41. Rc5 Rg8 42. Rh1 Rg2 43. Kc1 b3 44. axb3 1/2-1/2

[Event "SF Monheim 1 - SK Münster 2"]
[Site "NRW-Klasse, Gruppe 2 2010/201"]
[Date "2010.11.28"]
[Round "3.8"]
[White "Deppe, Arne"]
[Black "Kuessner, Thilo"]
[Result "1-0"]
[WhiteElo "2043"]
[BlackElo "1831"]
[PlyCount "61"]
[EventDate "2010.??.??"]

1. e4 e5 2. Nf3 Nc6 3. Bb5 a6 4. Ba4 Nf6 5. O-O Be7 6. Bxc6 dxc6 7. Nc3 Qd6 8.
d4 Nd7 9. Be3 O-O 10. Ne2 Qg6 11. Ng3 exd4 12. Nxd4 c5 13. Ndf5 Bd8 14. Bf4 Re8
15. Re1 b5 16. Qd5 c6 17. Qd2 Nb6 18. Qxd8 Rxd8 19. Ne7+ Kh8 20. Nxg6+ hxg6 21.
Bc7 Rd2 22. Bxb6 Rxc2 23. Re2 Rc4 24. Rd1 Be6 25. b3 Rc3 26. Bc7 f6 27. e5 f5
28. Red2 Bxb3 29. axb3 Rxb3 30. e6 Kh7 31. Rd8 1-0

[Event "SC Klein-Berlin Rheine 1 - SF Schwerte "]
[Site "NRW-Klasse, Gruppe 2 2010/201"]
[Date "2010.11.28"]
[Round "3.1"]
[White "Klug, Wolfgang"]
[Black "van Assendelft, Floris"]
[Result "0-1"]
[WhiteElo "1911"]
[BlackElo "2357"]
[PlyCount "54"]
[EventDate "2010.??.??"]

1. c4 e5 2. g3 Nf6 3. Bg2 d5 4. cxd5 Nxd5 5. Nc3 Nb6 6. Nf3 Nc6 7. d3 Be7 8.
O-O O-O 9. Bd2 Re8 10. Rc1 Bf8 11. a3 Nd4 12. Nxd4 exd4 13. Ne4 c6 14. Re1 Nd5
15. Qb3 h6 16. Nc5 b6 17. Bxd5 cxd5 18. Na4 Bg4 19. f3 Bd7 20. e3 Qf6 21. Kf2
dxe3+ 22. Bxe3 d4 23. Bd2 Rxe1 24. Bxe1 Re8 25. Bb4 Bxb4 26. axb4 Qg5 27. f4
Qh5 0-1